000 00569 a2200217 4500
005 20260427163430.0
008 260427b |||||||| |||| 00| 0 eng d
020 _a9788122911121
_cRs. 1495.00
040 _aMAIN
082 _a954.02
_bP887H
100 _aPrasad, Ishwari
110 _a
245 _aHistory of mediaeval India from 647 to 1526 A D
260 _b Surjeet Publications
_aDelhi
_c2019
300 _axli, 496
650 _aHistory
650 _aHistory of Asia
650 _aIndia- Medieval Period
700 _aRushbrook, L F
942 _cBK
999 _c394680
_d394680